| 000 | 01117cam a22003257a 4500 | ||
|---|---|---|---|
| 003 | CHAP | ||
| 005 | 20220329140250.0 | ||
| 008 | 971013s1981 r 00010 d | ||
| 010 | _a49456 | ||
| 011 | _a50428 | ||
| 035 | _a54578 | ||
| 040 | _cCHAP | ||
| 082 |
_a583.55 _bR6 |
||
| 100 | 0 | 0 |
_aRobinson, Harold. _997988 |
| 245 | 1 | 2 | _aA revision of the tribal and subtribal limits of the Heliantheae (Asteraceae) |
| 260 |
_aWashington : _bSmithsonian Institution, _c1981 |
||
| 300 |
_a102 p. _b: ilus. |
||
| 490 | 0 |
_aSmithsonian contributions to botany _v; 51 |
|
| 590 |
_aBATCH-UPD _b10 _c20130110 _lUCH01 _h1856 |
||
| 590 |
_aBATCH-UPD _b10 _c20130410 _lUCH01 _h1224 |
||
| 590 |
_aBATCH-UPD _b10 _c20130914 _lUCH01 _h0732 |
||
| 590 |
_aCONVERSION _b10 _c20130109 _lUCH01 _h1327 |
||
| 650 | 1 | 4 |
_aBotánica _xClasificación. _914516 |
| 650 | 1 | 4 |
_aCompuestas _926116 |
| 830 | 0 |
_aSmithsonian contributions to botany _v; 51 _9107168 |
|
| 901 | _aBK | ||
| 942 | _cLIBRO | ||
| 949 |
_a583.55 R6 _bBC _cLIBRO _d33724000456117 _eLIBRO _h56014 _i54578 _si |
||
| 949 |
_a583.55 R6 _bBC _cLIBRO _d33724000456125 _eLIBRO _fc.2 _h60378 _i54578 _si |
||
| 999 |
_c49456 _d49456 |
||